The decline of the west (Record no. 549391)
[ view plain ]
| 000 -LEADER | |
|---|---|
| fixed length control field | 00815cam a22002171a 4500 |
| 082 00 - DEWEY DECIMAL CLASSIFICATION NUMBER | |
| Classification number | 901.22 |
| Author Mark | SPE |
| -- | N-01, P-156 |
| 100 1# - MAIN ENTRY--PERSONAL NAME | |
| Personal name | Spengler, Oswald, |
| 9 (RLIN) | 17882 |
| 245 14 - TITLE STATEMENT | |
| Title | The decline of the west |
| Statement of responsibility, etc. | an abridged edition by Helmut Werner ; English abridged edition prepared by Arthur Helps from the translation by Charles Francis Atkinson. |
| 250 ## - EDITION STATEMENT | |
| Edition statement | [1st American ed.] |
| 260 ## - PUBLICATION, DISTRIBUTION, ETC. | |
| Place of publication, distribution, etc. | New York : |
| Name of publisher, distributor, etc. | Knopf, |
| Date of publication, distribution, etc. | 1962. |
| 300 ## - PHYSICAL DESCRIPTION | |
| Extent | xxvii, 414, xxviii p. ; |
| Dimensions | 25 cm. |
| 526 ## - STUDY PROGRAM INFORMATION NOTE | |
| Program name | 0 |
| Interest level | 0 |
| Reading level | 0 |
| Title point value | 901_220000000000000_SPE |
| 526 ## - STUDY PROGRAM INFORMATION NOTE | |
| Program name | 0 |
| Interest level | 0 |
| Reading level | 0 |
| Title point value | 901_220000000000000_SPE |
| 526 ## - STUDY PROGRAM INFORMATION NOTE | |
| Program name | 0 |
| Interest level | 0 |
| Reading level | 0 |
| Title point value | 901_220000000000000_SPE |
| 650 #0 - SUBJECT ADDED ENTRY--TOPICAL TERM | |
| Topical term or geographic name entry element | Civilization |
| General subdivision | History. |
| 9 (RLIN) | 3712 |
| 650 #0 - SUBJECT ADDED ENTRY--TOPICAL TERM | |
| Topical term or geographic name entry element | NUST |
| 9 (RLIN) | 6342 |
| 700 1# - ADDED ENTRY--PERSONAL NAME | |
| Personal name | Atkinson, Charles Francis, |
| 9 (RLIN) | 46050 |
| 700 1# - ADDED ENTRY--PERSONAL NAME | |
| Personal name | Helps, Arthur. |
| 9 (RLIN) | 46051 |
| 700 1# - ADDED ENTRY--PERSONAL NAME | |
| Personal name | Werner, Helmut. |
| 9 (RLIN) | 46052 |
| 942 ## - ADDED ENTRY ELEMENTS (KOHA) | |
| Source of classification or shelving scheme | |
| Koha item type | Book |
| Withdrawn status | Lost status | Source of classification or shelving scheme | Damaged status | Not for loan | Permanent Location | Current Location | Date acquired | Total Checkouts | Full call number | Barcode | Date last seen | Price effective from | Koha item type |
|---|---|---|---|---|---|---|---|---|---|---|---|---|---|
| Military College of Engineering (MCE) | Military College of Engineering (MCE) | 09/24/2014 | 901.22 SPE | MCE-39183 | 09/24/2014 | 09/24/2014 | Book | ||||||
| Military College of Engineering (MCE) | Military College of Engineering (MCE) | 09/24/2014 | 901.22 SPE | MCE-39182 | 09/24/2014 | 09/24/2014 | Book | ||||||
| Military College of Engineering (MCE) | Military College of Engineering (MCE) | 09/24/2014 | 901.22 SPE | MCE-39179 | 09/24/2014 | 09/24/2014 | Book |
